<?xml version="1.0" encoding="UTF-8"?>
<marc:record xmlns:marc="http://www.loc.gov/MARC21/slim">
   <marc:leader>00000nam a2200000 a 4500</marc:leader>
   <marc:datafield ind1="1" ind2=" " tag="100">
      <marc:subfield code="a">Hemsworth, Liam</marc:subfield>
   </marc:datafield>
   <marc:datafield ind1="1" ind2=" " tag="100">
      <marc:subfield code="a">Emmerich, Roland</marc:subfield>
   </marc:datafield>
   <marc:datafield ind1="1" ind2=" " tag="100">
      <marc:subfield code="a">Gainsbourg, Charlotte</marc:subfield>
   </marc:datafield>
   <marc:datafield ind1="1" ind2=" " tag="100">
      <marc:subfield code="a">Goldblum, Jeff</marc:subfield>
   </marc:datafield>
   <marc:datafield ind1=" " ind2=" " tag="653">
      <marc:subfield code="a">Action</marc:subfield>
   </marc:datafield>
   <marc:datafield ind1=" " ind2=" " tag="653">
      <marc:subfield code="a">Science Fiction-Film</marc:subfield>
   </marc:datafield>
   <marc:datafield ind1="0" ind2="0" tag="245">
      <marc:subfield code="a">Independence Day : Wiederkehr</marc:subfield>
   </marc:datafield>
   <marc:datafield ind1="0" ind2="0" tag="245">
      <marc:subfield code="b">Blu-ray : USA</marc:subfield>
   </marc:datafield>
   <marc:datafield ind1="0" ind2="0" tag="245">
      <marc:subfield code="c">Roland Emmerich. Liam Hemsworth ; Charlotte Gainsbourg ; Jeff Goldblum</marc:subfield>
   </marc:datafield>
   <marc:datafield ind1=" " ind2="1" tag="264">
      <marc:subfield code="a">Los Angeles</marc:subfield>
      <marc:subfield code="b">20th Century Fox</marc:subfield>
      <marc:subfield code="c">2016</marc:subfield>
   </marc:datafield>
   <marc:datafield ind1="1" ind2=" " tag="520">
      <marc:subfield code="a">Technische Angaben:&lt;br/&gt;Bildformat: 16:9 (2,39:1)&lt;br/&gt;Sprachen / Tonformate: Deutsch, Französisch (DTS 5.1) Englisch (7.1 DTS-HD Master)&lt;br/&gt;Untertitel: Deutsch, Englisch, Französisch, Türkisch u.a.&lt;br/&gt;&lt;br/&gt;Zwanzig Jahre nachdem mysteriöse Aliens die Menschheit fast ausgelöscht haben, greifen sie in der explosiven Fortsetzung erneut an! Mithilfe von außerirdischer Technologie, und angeführt vom brillanten Wissenschaftler David Levinson, haben sich die Nationen der Erde im Laufe der Zeit eine beeindruckende Verteidigung aufgebaut. Doch nichts kann uns auf die nächste Invasion vorbereiten. Die Hoffnungen der Welt lasten auf den Schultern mutiger Frauen und Männer, um die Erde vor der Vernichtung zu retten.</marc:subfield>
   </marc:datafield>
   <marc:datafield ind1="3" ind2=" " tag="024">
      <marc:subfield code="a">4010232068682</marc:subfield>
   </marc:datafield>
   <marc:datafield ind1=" " ind2=" " tag="041">
      <marc:subfield code="a">ger</marc:subfield>
   </marc:datafield>
   <marc:datafield ind1=" " ind2=" " tag="300">
      <marc:subfield code="e">Entfallene Szenen, Spaß am Set, Entstehung, u.a.</marc:subfield>
   </marc:datafield>
   <marc:datafield ind1="1" ind2=" " tag="521">
      <marc:subfield code="a">12</marc:subfield>
   </marc:datafield>
   <marc:datafield ind1=" " ind2=" " tag="306">
      <marc:subfield code="a">02:00:00</marc:subfield>
   </marc:datafield>
   <marc:datafield ind1=" " ind2=" " tag="300">
      <marc:subfield code="a">1 blu-ray</marc:subfield>
   </marc:datafield>
</marc:record>
